Management information - systems: (Record no. 167618)
[ view plain ]
| 000 -LEADER | |
|---|---|
| fixed length control field | 01526nam a2200265 4500 |
| 001 - CONTROL NUMBER | |
| control field | vtls000513360 |
| 003 - CONTROL NUMBER IDENTIFIER | |
| control field | MY-SjTCS |
| 005 - DATE AND TIME OF LATEST TRANSACTION | |
| control field | 20200226120623.0 |
| 008 - FIXED-LENGTH DATA ELEMENTS--GENERAL INFORMATION | |
| fixed length control field | 110218 1995 00 eng |
| 020 ## - INTERNATIONAL STANDARD BOOK NUMBER | |
| International Standard Book Number | 0256136408 |
| 039 #9 - LEVEL OF BIBLIOGRAPHIC CONTROL AND CODING DETAIL [OBSOLETE] | |
| Level of rules in bibliographic description | 201905071605 |
| Level of effort used to assign nonsubject heading access points | dianafitri |
| Level of effort used to assign subject headings | 201102181316 |
| Level of effort used to assign classification | VLOAD |
| -- | 200407271824 |
| -- | VLOAD |
| 082 04 - DEWEY DECIMAL CLASSIFICATION NUMBER | |
| Classification number | 658.4038 |
| Item number | SCH |
| 100 1# - MAIN ENTRY--PERSONAL NAME | |
| Personal name | Schultheis, Robert A. |
| 9 (RLIN) | 9032 |
| 245 10 - TITLE STATEMENT | |
| Title | Management information - systems: |
| Remainder of title | the manager's view / |
| Statement of responsibility, etc. | Robert Schultheis, Mary Sumner; integrated cases prepared by Douglas Bock |
| 250 ## - EDITION STATEMENT | |
| Edition statement | 3rd ed. |
| 260 ## - PUBLICATION, DISTRIBUTION, ETC. | |
| Place of publication, distribution, etc. | Chicago, Ill. : |
| Name of publisher, distributor, etc. | Irwin, |
| Date of publication, distribution, etc. | c1995 |
| 300 ## - PHYSICAL DESCRIPTION | |
| Extent | xxiv , 797 p. ; |
| Dimensions | 26cm. |
| 500 ## - GENERAL NOTE | |
| General note | Includes 5 diskettes : Instructor's manual on disk - Mapinfo desktop mapping software demo disk - FastTrack Schedule for Windows Project Management Software demo - Value/Screen III Investment Analysis software demo disk - Applications disk with 4KAST demo. ISBN 0256136416 ; 0256190607 ; 0256190615 ; 0256190623 ; 0256190631 |
| 525 ## - SUPPLEMENT NOTE | |
| Supplement note | Instructor's manual to accompany management information systems : the manager's view / Roberst Schultheis, Mary Sumner. 3rd ed., (ca. 200 p. ; 28 cm.), c1995. ISBN 0256136416 |
| 650 #0 - SUBJECT ADDED ENTRY--TOPICAL TERM | |
| Topical term or geographic name entry element | Management information systems. |
| 700 #1 - ADDED ENTRY--PERSONAL NAME | |
| Personal name | Boch, Douglas Brian. |
| Relator term | (j. a.) |
| 9 (RLIN) | 83824 |
| 700 #1 - ADDED ENTRY--PERSONAL NAME | |
| Personal name | Sumner Mary. |
| Relator term | (j. a.) |
| 740 ## - ADDED ENTRY--UNCONTROLLED RELATED/ANALYTICAL TITLE | |
| Uncontrolled related/analytical title | Instructor's manual to accompany management information systems : the manager's view |
| 920 ## - Programme | |
| Programme | AUDP : 51417, 51418, 51419, 51420, 51421, 51422, 51423, 51424, DK528, DK529, DK530, DK531, DK532, 53872/IM |
| Withdrawn status | Lost status | Source of classification or shelving scheme | Damaged status | Not for loan | Home library | Current library | Date acquired | Serial Enumeration / chronology | Total Checkouts | Barcode | Date last seen | Date last checked out | Copy number | Koha item type | Public note |
|---|---|---|---|---|---|---|---|---|---|---|---|---|---|---|---|
| Dewey Decimal Classification | Taylor's Library-TU | Taylor's Library-TU | 27/07/2004 | Set of 5 diskettes | 1000504147 | 12/12/2019 | 29/01/2010 | 1 | Accompanying Material (Media Resource) | UNISA,19003,02,GR |